| 000 | 00567cam a22001934a 4500 | ||
|---|---|---|---|
| 005 | 20250605163603.0 | ||
| 008 | 250528s ||||||||||||||||||||||||d | ||
| 035 | _a22264 | ||
| 020 | _a9789600422191 | ||
| 040 |
_aGR-AtMCL _bgre _dGR-AtMCL _eAACR2 |
||
| 245 | 1 | _aΜΑΘΗΣΙΑΚΕΣ ΔΥΣΚΟΛΙΕΣ ΚΑΙ ΠΡΟΒΛΗΜΑΤΑ ΣΥΜΠΕΡΙΦΟΡΑΣ ΣΤΗΝ ΚΑΝΟΝΙΚΗ ΤΑΞΗ | |
| 250 | _a6 | ||
| 260 |
_bΚέδρος, _c2004 |
||
| 300 | _a268 | ||
| 700 | 1 | _aΛιβανιου Ελενη | |
| 942 | _cBK | ||
| 999 |
_c7320 _d7320 |
||